Southville International School and Colleges
Your cart is empty.
  • Cart
  • Lists
    Public lists Eva Luna New books Lux_list list_1
    Your lists Log in to create your own lists
  • Log in to your account
  • Your cookies
  • Search history
Southville International School and Colleges
  • Advanced search
  • Recent comments
  • Most popular
  • Libraries

Log in to your account

Log in with GOOGLE


If you do not have an external account, but do have a local account, you can still log in:

  1. Home
  2. MARC view: Teaching with favorite Read-Alouds in kindergarten :
Normal view MARC view ISBD view

Teaching with favorite Read-Alouds in kindergarten : (Record no. 41866)

[ view plain ]
MARC details
000 -LEADER
fixed length control field 00721nam a2200205Ia 4500
003 - CONTROL NUMBER IDENTIFIER
control field OSt
005 - DATE AND TIME OF LATEST TRANSACTION
control field 20140321143123.0
008 - FIXED-LENGTH DATA ELEMENTS--GENERAL INFORMATION
fixed length control field 140130s9999 xx 000 0 und d
020 ## - INTERNATIONAL STANDARD BOOK NUMBER
International Standard Book Number 0439404177
050 ## - LIBRARY OF CONGRESS CALL NUMBER
Classification number LB 1181
Item number .L86 2004
100 ## - MAIN ENTRY--PERSONAL NAME
Personal name Lunsford, Susan
245 ## - TITLE STATEMENT
Statement of responsibility, etc Susan Lunsford
Title Teaching with favorite Read-Alouds in kindergarten :
Remainder of title 50 must-have books with lessons and activities that build skills in vocabulary, comprehension, and more /
260 ## - PUBLICATION, DISTRIBUTION, ETC. (IMPRINT)
Name of publisher, distributor, etc Scholastic,
Date of publication, distribution, etc 2004.
Place of publication, distribution, etc U.S.A :
300 ## - PHYSICAL DESCRIPTION
Extent 95 p. :
Other physical details ill. ;
Dimensions 27 cm.
440 ## - SERIES STATEMENT/ADDED ENTRY--TITLE
Volume number/sequential designation 1
650 ## - SUBJECT ADDED ENTRY--TOPICAL TERM
Topical term or geographic name as entry element Language arts (Kindergarten)
Form subdivision United States.
650 ## - SUBJECT ADDED ENTRY--TOPICAL TERM
Topical term or geographic name as entry element Education, Preschool
Form subdivision United States.
General subdivision Activity programs
942 ## - ADDED ENTRY ELEMENTS (KOHA)
Koha item type Books
Source of classification or shelving scheme Library of Congress Classification
Holdings
Withdrawn status Lost status Source of classification or shelving scheme Damaged status Home library Current library Shelving location Date acquired Total Checkouts Full call number Barcode Date last seen Copy number Price effective from Koha item type
    Library of Congress Classification   Munich Library Munich Library Scholastic Reading Center Section 01/30/2014   LB 1181 .L86 2004 MS1844 01/30/2014 1 01/30/2014 Books

Teaching with favorite Read-Alouds in kindergarten :

APA

Lunsford S., . (2004). Teaching with favorite Read-Alouds in kindergarten. U.S.A: Scholastic.

Chicago

Lunsford Susan, . 2004. Teaching with favorite Read-Alouds in kindergarten. U.S.A: Scholastic.

Harvard

Lunsford S., . (2004). Teaching with favorite Read-Alouds in kindergarten. U.S.A: Scholastic.

MLA

Lunsford Susan, . Teaching with favorite Read-Alouds in kindergarten. U.S.A: Scholastic. 2004.

  • Place hold
  • Print
  • Cite
  • Add to your cart (remove)
  • Save record
    BIBTEX Dublin Core MARCXML MARC (non-Unicode/MARC-8) MARC (Unicode/UTF-8) MARC (Unicode/UTF-8, Standard) MODS (XML) RIS
  • More searches
    Search for this title in:
    Other Libraries (WorldCat) Other Databases (Google Scholar) Online Stores (Bookfinder.com) Open Library (openlibrary.org)

Exporting to Dublin Core...

SOUTHVILLE LIBRARY

Southville International School and Colleges Library

1281 Tropical Ave. Cor. Luxembourg St., BF Homes International, Las Pinas City

Tel. No. 8256374 / 252358 Loc. 117/146

Powered by Koha